Science Quiz

Random Science or Clickable Quiz

Drugs #6 Quiz Stats

 Plays Quiz not verified by Sporcle

Score 0/10 Timer 15:00
0 Plays Today
% Correct
VIBRAMYCIN
90%
MOBIC
80%
IMDUR
80%
SOMA
70%
ZYLOPRIM
70%
K-DUR\K-TAB
70%
PHENERGAN
70%
MEDROL
60%
LOTREL
60%
CATAPRES
60%

You're not logged in!

Compare scores with friends on all Sporcle quizzes.
OR
Log In

Sporcle TV

Today on Sporcle TV


Watch our educational content, quiz creation guides, and fun videos on Sporcle TV.

Show Comments

Extras

Created Aug 28, 2017ReportNominate
Tags:Clickable Quiz, drug

Top Quizzes Today


Score Distribution

Your Account Isn't Verified!

In order to create a playlist on Sporcle, you need to verify the email address you used during registration. Go to your Sporcle Settings to finish the process.

Report this User

Report this user for behavior that violates our Community Guidelines.

Details: